Towns of New England - Statistics

General Stats
  • This quiz has been taken 163 times
    9 since last reset
  • The average score is 275 of 1522
Answer Stats
Answer % Correct
Boston
88%
Salem
88%
Augusta
75%
Berlin
75%
Burlington
75%
Concord
75%
Hartford
75%
Manchester
75%
Plymouth
75%
Portland
75%
Portsmouth
75%
Providence
75%
Springfield
75%
Worcester
75%
York
75%
Bangor
63%
Bristol
63%
Cambridge
63%
Fall River
63%
Greenfield
63%
Greenwich
63%
Hampton
63%
Lawrence
63%
Lee
63%
Lexington
63%
Lincoln
63%
Lowell
63%
New Bedford
63%
Newbury
63%
Newburyport
63%
New Haven
63%
Newport
63%
Northampton
63%
Quincy
63%
Somerville
63%
Washington
63%
Watertown
63%
Adams
50%
Bar Harbor
50%
Bedford
50%
Beverly
50%
Bridgeport
50%
Brooklin
50%
Cumberland
50%
Danvers
50%
Deerfield
50%
Eastham
50%
East Hampton
50%
Easthampton
50%
Easton
50%
Essex
50%
Everett
50%
Florida
50%
Foxborough
50%
Franklin
50%
Gloucester
50%
Lynn
50%
Madison
50%
Mansfield
50%
Medford
50%
Montpelier
50%
Nantucket
50%
Nashua
50%
Needham
50%
Newton
50%
North Adams
50%
Paris
50%
Pittsfield
50%
Revere
50%
Scituate
50%
Waltham
50%
Warwick
50%
Westhampton
50%
Westminster
50%
Weston
50%
Woodstock
50%
Yarmouth
50%
Acton
38%
Amherst
38%
Ashland
38%
Attleboro
38%
Bolton
38%
Bow
38%
Bradford
38%
Braintree
38%
Brockton
38%
Brookfield
38%
Brookline
38%
Canton
38%
Charleston
38%
Chatham
38%
Chelsea
38%
Clinton
38%
Coventry
38%
Cranston
38%
Danbury
38%
Dedham
38%
Derby
38%
Derry
38%
Dover
38%
Dublin
38%
Duxbury
38%
East Providence
38%
Edinburg
38%
Fairfield
38%
Falmouth
38%
Framingham
38%
Granby
38%
Greenville
38%
Groton
38%
Guilford
38%
Hancock
38%
Hanover
38%
Harrison
38%
Haverhill
38%
Ipswich
38%
Jay
38%
Keene
38%
Leeds
38%
Lewiston
38%
Littleton
38%
Malden
38%
Marlboro
38%
Marshfield
38%
Middletown
38%
Milford
38%
Milton
38%
Monroe
38%
Natick
38%
Northfield
38%
Norwich
38%
Orange
38%
Pawtucket
38%
Plainville
38%
Provincetown
38%
Reading
38%
Rockport
38%
Roxbury
38%
Rutland
38%
Salisbury
38%
Sharon
38%
Southampton
38%
South Burlington
38%
Stoneham
38%
Stonington
38%
Stow
38%
Stratford
38%
Sturbridge
38%
Swampscott
38%
Swansea
38%
Taunton
38%
Uxbridge
38%
Ware
38%
Wareham
38%
Waterbury
38%
Waterville
38%
Westerly
38%
West Haven
38%
Westport
38%
Weymouth
38%
Williamstown
38%
Wilmington
38%
Winchester
38%
Windsor
38%
Amesbury
25%
Andover
25%
Aquinnah
25%
Arlington
25%
Avon
25%
Belfast
25%
Berkshire
25%
Bethel
25%
Billerica
25%
Blackstone
25%
Bowdoin
25%
Branford
25%
Brighton
25%
Brooklyn
25%
Camden
25%
Carlisle
25%
Central Falls
25%
Charlemont
25%
Charlestown
25%
Chelmsford
25%
Cheshire
25%
Chester
25%
Colchester
25%
Conway
25%
Cromwell
25%
Darien
25%
Dennis
25%
Dracut
25%
East Granby
25%
East Greenwich
25%
East Hartford
25%
East Haven
25%
Ellington
25%
Enfield
25%
Exeter
25%
Farmington
25%
Fitchburg
25%
Glastonbury
25%
Gorham
25%
Grafton
25%
Great Barrington
25%
Hamden
25%
Hamilton
25%
Hampden
25%
Holyoke
25%
Hopkinton
25%
Houlton
25%
Hull
25%
Jackson
25%
Jamestown
25%
Jefferson
25%
Johnson
25%
Kennebunk
25%
Kennebunkport
25%
Kent
25%
Killingly
25%
Kingston
25%
Knox
25%
Lenox
25%
Little Compton
25%
Londonderry
25%
Madawaska
25%
Manchester-by-the-Sea
25%
Marblehead
25%
Methuen
25%
Middlebury
25%
Middleton
25%
Millinocket
25%
New Britain
25%
New Canaan
25%
New Hartford
25%
Newington
25%
New London
25%
New Salem
25%
Newtown
25%
Northborough
25%
North Haven
25%
North Providence
25%
North Reading
25%
Northwood
25%
Norwalk
25%
Norwood
25%
Oak Bluffs
25%
Orleans
25%
Orono
25%
Otis
25%
Oxford
25%
Pelham
25%
Peru
25%
Pittsburg
25%
Presque Isle
25%
Randolph
25%
Richmond
25%
Ridgefield
25%
Rockland
25%
Rowley
25%
Sanford
25%
Saugus
25%
Seabrook
25%
Sheffield
25%
Sherman
25%
Shrewsbury
25%
Simsbury
25%
Smithfield
25%
Somers
25%
Southborough
25%
Southington
25%
Southport
25%
South Portland
25%
Stamford
25%
Stockbridge
25%
Stowe
25%
Tewksbury
25%
Thompson
25%
Tolland
25%
Torrington
25%
Trenton
25%
Trumbull
25%
Tyngsborough
25%
Union
25%
Vernon
25%
Walpole
25%
Webster
25%
Wells
25%
Westborough
25%
Westbrook
25%
Westfield
25%
West Hartford
25%
West Springfield
25%
West Stockbridge
25%
West Warwick
25%
Williamsburg
25%
Wilton
25%
Windsor Locks
25%
Woburn
25%
Woonsocket
25%
Abbot
13%
Abington
13%
Acushnet
13%
Agawam
13%
Albany
13%
Alburgh
13%
Alford
13%
Alfred
13%
Alton
13%
Anson
13%
Ansonia
13%
Appleton
13%
Ashby
13%
Athens
13%
Athol
13%
Atkinson
13%
Auburn
13%
Aurora
13%
Ayer
13%
Barnstable
13%
Barre
13%
Barrington
13%
Bath
13%
Beaver Cove
13%
Becket
13%
Belchertown
13%
Belgrade
13%
Bellingham
13%
Belmont
13%
Bennington
13%
Benson
13%
Benton
13%
Bernardston
13%
Biddeford
13%
Blandford
13%
Bloomfield
13%
Boothbay
13%
Boothbay Harbor
13%
Bourne
13%
Bowdoinham
13%
Boxborough
13%
Boxford
13%
Boylston
13%
Bradley
13%
Brattleboro
13%
Brewer
13%
Brewster
13%
Bridgewater
13%
Bridgton
13%
Brimfield
13%
Brownville
13%
Brunswick
13%
Buckfield
13%
Buckland
13%
Bucksport
13%
Buxton
13%
Calais
13%
Canterbury
13%
Cape Elizabeth
13%
Caribou
13%
Carmel
13%
Carroll
13%
Carver
13%
Castine
13%
Charlton
13%
Cherryfield
13%
Chesterfield
13%
Chicopee
13%
Chilmark
13%
China
13%
Claremont
13%
Clarksburg
13%
Clifton
13%
Colebrook
13%
Colrain
13%
Columbia
13%
Corinna
13%
Corinth
13%
Cummington
13%
Dalton
13%
Damariscotta
13%
Danville
13%
Dartmouth
13%
Dexter
13%
Dixmont
13%
Dorchester
13%
Douglas
13%
Dover-Foxcroft
13%
Dudley
13%
Eastbrook
13%
East Brookfield
13%
East Longmeadow
13%
East Lyme
13%
East Machias
13%
East Millinocket
13%
Eastport
13%
East Windsor
13%
Eaton
13%
Eddington
13%
Edgartown
13%
Egremont
13%
Eliot
13%
Ellsworth
13%
Erving
13%
Essex Junction
13%
Etna
13%
Fairfax
13%
Fair Haven
13%
Fairhaven
13%
Farmingdale
13%
Fort Kent
13%
Freeport
13%
Fryeburg
13%
Gardiner
13%
Gardner
13%
Garfield
13%
Georgetown
13%
Gilead
13%
Gill
13%
Glenburn
13%
Glocester
13%
Goshen
13%
Gosnold
13%
Granville
13%
Greenbush
13%
Greene
13%
Griswold
13%
Groveland
13%
Hadley
13%
Halifax
13%
Hallowell
13%
Hanson
13%
Hardwick
13%
Harmony
13%
Hartland
13%
Harvard
13%
Hatfield
13%
Hawley
13%
Heath
13%
Hebron
13%
Hermon
13%
Hingham
13%
Hinsdale
13%
Holbrook
13%
Holden
13%
Holland
13%
Hope
13%
Hopedale
13%
Hubbardston
13%
Hudson
13%
Huntington
13%
Jackman
13%
Jaffrey
13%
Jamaica
13%
Killingworth
13%
Kittery
13%
Laconia
13%
Lake View
13%
Lakeville
13%
Lanesborough
13%
Levant
13%
Leverett
13%
Liberty
13%
Limerick
13%
Lisbon
13%
Litchfield
13%
Longmeadow
13%
Lubec
13%
Ludlow
13%
Lunenburg
13%
Lyme
13%
Lynnfield
13%
Machias
13%
Mapleton
13%
Marlborough
13%
Mashpee
13%
Mattapoisett
13%
Maynard
13%
Medfield
13%
Melrose
13%
Mendon
13%
Meredith
13%
Meriden
13%
Merrimac
13%
Mexico
13%
Middleborough
13%
Middlefield
13%
Millbury
13%
Millis
13%
Millville
13%
Milo
13%
Monson
13%
Montague
13%
Monterey
13%
Montgomery
13%
Montville
13%
Morgan
13%
Moscow
13%
Mount Desert
13%
Mount Washington
13%
Nahant
13%
Narragansett
13%
New Ashford
13%
New Boston
13%
New Braintree
13%
Newburgh
13%
New Castle
13%
Newcastle
13%
New Fairfield
13%
New Marlboro
13%
New Milford
13%
New Sharon
13%
Norfolk
13%
Norridgewock
13%
North Andover
13%
North Attleborough
13%
North Branford
13%
Northbridge
13%
North Brookfield
13%
North Hampton
13%
North Hero
13%
North Kingstown
13%
Northport
13%
North Smithfield
13%
Norton
13%
Norway
13%
Nottingham
13%
Oakham
13%
Oakland
13%
Ogunquit
13%
Old Lyme
13%
Old Town
13%
Orland
13%
Orrington
13%
Owls Head
13%
Palmer
13%
Palmyra
13%
Peabody
13%
Pepperell
13%
Peterborough
13%
Phillips
13%
Phillipston
13%
Pittston
13%
Plainfield
13%
Plympton
13%
Porter
13%
Pownal
13%
Preston
13%
Princeton
13%
Putnam
13%
Rangeley
13%
Readsboro
13%
Redding
13%
Rehoboth
13%
Rochester
13%
Rocky Hill
13%
Rome
13%
Rowe
13%
Russell
13%
Rye
13%
Sabattus
13%
Saco
13%
Sandisfield
13%
Sandwich
13%
Savoy
13%
Scarborough
13%
Scotland
13%
Sebec
13%
Seekonk
13%
Shelburne
13%
Shelton
13%
Shoreham
13%
Shutesbury
13%
Sidney
13%
Skowhegan
13%
Southbridge
13%
Southbury
13%
South Hadley
13%
South Hero
13%
South Kingstown
13%
Southwick
13%
South Windsor
13%
Spencer
13%
Stafford
13%
St. Johnsbury
13%
Stockholm
13%
Stockton Springs
13%
Stoughton
13%
Sudbury
13%
Sumner
13%
Sunderland
13%
Sutton
13%
Sweden
13%
Temple
13%
Templeton
13%
The Forks
13%
Thetford
13%
Thomaston
13%
Tisbury
13%
Tiverton
13%
Topsham
13%
Truro
13%
Turner
13%
Tyringham
13%
Unity
13%
Van Buren
13%
Veazie
13%
Verona Island
13%
Wakefield
13%
Wales
13%
Wallingford
13%
Warren
13%
Waterford
13%
Waterville Valley
13%
Wayland
13%
Wellesley
13%
Wellfleet
13%
Wellington
13%
Wendell
13%
Wesley
13%
West Boylston
13%
West Brookfield
13%
Westford
13%
West Gardiner
13%
West Greenwich
13%
West Newbury
13%
West Tisbury
13%
Wethersfield
13%
Whately
13%
Whiting
13%
Whitingham
13%
Wilbraham
13%
Winchendon
13%
Winooski
13%
Winterport
13%
Wolcott
13%
Woodbury
13%
Worthington
13%
Wrentham
13%
Acworth
0%
Addison
0%
Albion
0%
Alexander
0%
Alexandria
0%
Allagash
0%
Allenstown
0%
Alna
0%
Alstead
0%
Amity
0%
Antrim
0%
Arrowsic
0%
Arundel
0%
Ashburnham
0%
Ashfield
0%
Ashford
0%
Baileyville
0%
Bakersfield
0%
Baldwin
0%
Baltimore
0%
Baring
0%
Barkhamsted
0%
Barnard
0%
Barnet
0%
Barnstead
0%
Bartlett
0%
Barton
0%
Beacon Falls
0%
Beals
0%
Beddington
0%
Belvidere
0%
Berkley
0%
Berwick
0%
Bethany
0%
Bethlehem
0%
Bingham
0%
Blaine
0%
Blue Hill
0%
Boscawen
0%
Bowerbank
0%
Bozrah
0%
Brandon
0%
Bremen
0%
Brentwood
0%
Bridport
0%
Brooks
0%
Brooksville
0%
Brownfield
0%
Brownington
0%
Burke
0%
Burnham
0%
Burrillville
0%
Byron
0%
Cabot
0%
Campton
0%
Canaan
0%
Candia
0%
Caratunk
0%
Carrabassett Valley
0%
Carthage
0%
Casco
0%
Castle Hill
0%
Castleton
0%
Caswell
0%
Cavendish
0%
Center Harbor
0%
Chaplin
0%
Chapman
0%
Charlotte
0%
Chebeague Island
0%
Chesterville
0%
Chichester
0%
Chittenden
0%
Clarendon
0%
Clarksville
0%
Cohasset
0%
Columbia Falls
0%
Cooper
0%
Coplin
0%
Cornish
0%
Cornville
0%
Cornwall
0%
Craftsbury
0%
Cranberry Isles
0%
Crawford
0%
Croydon
0%
Crystal
0%
Cushing
0%
Cutler
0%
Cyr
0%
Dallas
0%
Danby
0%
Danforth
0%
Dayton
0%
Deblois
0%
Deep River
0%
Deering
0%
Deer Isle
0%
Denmark
0%
Dennistown
0%
Dennysville
0%
Detroit
0%
Dighton
0%
Dixfield
0%
Dorset
0%
Dresden
0%
Dummer
0%
Dummerston
0%
Dunbarton
0%
Dunstable
0%
Durham
0%
Dyer Brook
0%
Eagle Lake
0%
East Bridgewater
0%
Eastford
0%
East Haddam
0%
East Kingston
0%
East Montpelier
0%
Eden
0%
Edgecomb
0%
Effingham
0%
Elmore
0%
Embden
0%
Enosburgh
0%
Epping
0%
Epsom
0%
Errol
0%
Eustis
0%
Fairlee
0%
Fayette
0%
Fayston
0%
Ferrisburgh
0%
Fitzwilliam
0%
Fletcher
0%
Fort Fairfield
0%
Foster
0%
Francestown
0%
Franconia
0%
Frankfort
0%
Freedom
0%
Freetown
0%
Fremont
0%
Frenchboro
0%
Frenchville
0%
Friendship
0%
Frye Island
0%
Garland
0%
Georgia
0%
Gilford
0%
Gilmanton
0%
Gilsum
0%
Glenwood
0%
Glover
0%
Goffstown
0%
Gouldsboro
0%
Grand Isle
0%
Grand Lake Stream
0%
Grantham
0%
Gray
0%
Great Pond
0%
Greenland
0%
Greensboro
0%
Greenwood
0%
Guildhall
0%
Haddam
0%
Hamlin
0%
Hammond
0%
Hampstead
0%
Hampton Falls
0%
Harpswell
0%
Harrington
0%
Harrisville
0%
Hart's Location
0%
Harwich
0%
Harwinton
0%
Haynesville
0%
Henniker
0%
Hersey
0%
Highgate
0%
Highland
0%
Hill
0%
Hillsborough
0%
Hinesburg
0%
Hiram
0%
Hodgdon
0%
Holderness
0%
Hollis
0%
Holliston
0%
Hooksett
0%
Howland
0%
Hubbardton
0%
Hyde Park
0%
Industry
0%
Ira
0%
Irasburg
0%
Island Falls
0%
Isle au Haut
0%
Isle La Motte
0%
Islesboro
0%
Jericho
0%
Johnston
0%
Jonesboro
0%
Jonesport
0%
Kenduskeag
0%
Kensington
0%
Killington
0%
Kingfield
0%
Kingsbury
0%
Kirby
0%
LaGrange
0%
Lamoine
0%
Lancaster
0%
Landaff
0%
Landgrove
0%
Langdon
0%
Lebanon
0%
Ledyard
0%
Leicester
0%
Lemington
0%
Lempster
0%
Leominster
0%
Leyden
0%
Limestone
0%
Limington
0%
Lincolnville
0%
Linneus
0%
Livermore
0%
Livermore Falls
0%
Long Island
0%
Loudon
0%
Lovell
0%
Lyman
0%
Lyndeborough
0%
Lyndon
0%
Machiasport
0%
Macwahoc
0%
Madbury
0%
Maidstone
0%
Mariaville
0%
Marion
0%
Marlow
0%
Mars Hill
0%
Masardis
0%
Mason
0%
Matinicus Isle
0%
Mattawamkeag
0%
Maxfield
0%
Mechanic Falls
0%
Meddybemps
0%
Medway
0%
Mercer
0%
Merrill
0%
Merrimack
0%
Middlesex
0%
Middletown Springs
0%
Milan
0%
Milbridge
0%
Minot
0%
Monhegan
0%
Monkton
0%
Monmouth
0%
Monticello
0%
Mont Vernon
0%
Moose River
0%
Moretown
0%
Moro
0%
Morrill
0%
Morris
0%
Morristown
0%
Moultonborough
0%
Mount Chase
0%
Mount Holly
0%
Mount Tabor
0%
Mount Vernon
0%
Naples
0%
Nashville
0%
Naugatuck
0%
Nelson
0%
Newark
0%
New Canada
0%
New Durham
0%
Newfane
0%
Newfield
0%
Newfields
0%
New Gloucester
0%
New Hampton
0%
New Ipswich
0%
New Limerick
0%
Newmarket
0%
New Portland
0%
Newry
0%
New Shoreham
0%
New Sweden
0%
New Vineyard
0%
Nobleboro
0%
North Berwick
0%
North Canaan
0%
North Stonington
0%
Northumberland
0%
North Yarmouth
0%
Norwell
0%
Oakfield
0%
Old Orchard Beach
0%
Old Saybrook
0%
Orford
0%
Orient
0%
Orwell
0%
Osborn
0%
Ossipee
0%
Otisfield
0%
Palermo
0%
Panton
0%
Parkman
0%
Parsonsfield
0%
Passadumkeag
0%
Patten
0%
Pawlet
0%
Paxton
0%
Peacham
0%
Pembroke
0%
Penobscot
0%
Perham
0%
Perry
0%
Petersham
0%
Phippsburg
0%
Piermont
0%
Pittsford
0%
Plaistow
0%
Pleasant Ridge
0%
Poland
0%
Pomfret
0%
Portage Lake
0%
Poultney
0%
Proctor
0%
Prospect
0%
Putney
0%
Raymond
0%
Raynham
0%
Readfield
0%
Reed
0%
Richford
0%
Rindge
0%
Ripley
0%
Ripton
0%
Robbinston
0%
Rockingham
0%
Rollinsford
0%
Roque Bluffs
0%
Royalston
0%
Royalton
0%
Rumford
0%
Rumney
0%
Rupert
0%
Ryegate
0%
Saint John
0%
Sanbornton
0%
Sandgate
0%
Sandown
0%
Sandy River
0%
Sangerville
0%
Searsburg
0%
Searsmont
0%
Searsport
0%
Sebago
0%
Seboeis
0%
Sedgwick
0%
Seymour
0%
Shaftsbury
0%
Shapleigh
0%
Sheldon
0%
Sherborn
0%
Shirley
0%
Smyrna
0%
Solon
0%
Somerset
0%
Somersworth
0%
Sorrento
0%
South Berwick
0%
South Bristol
0%
South Hampton
0%
South Thomaston
0%
Southwest Harbor
0%
Sprague
0%
Stacyville
0%
St. Agatha
0%
St. Albans
0%
Standish
0%
Stannard
0%
Stark
0%
Starks
0%
Starksboro
0%
Sterling
0%
Stetson
0%
Steuben
0%
Stewartstown
0%
St. Francis
0%
St. George
0%
Stoddard
0%
Strafford
0%
Stratham
0%
Stratton
0%
Strong
0%
Suffield
0%
Sugar Hill
0%
Sullivan
0%
Sunapee
0%
Surry
0%
Swan's Island
0%
Swanton
0%
Swanville
0%
Swanzey
0%
Talmadge
0%
Tamworth
0%
Thorndike
0%
Thornton
0%
Tilton
0%
Tinmouth
0%
Topsfield
0%
Townsend
0%
Townshend
0%
Tremont
0%
Troy
0%
Tuftonboro
0%
Tunbridge
0%
Underhill
0%
Upton
0%
Vanceboro
0%
Vassalboro
0%
Vergennes
0%
Vershire
0%
Victory
0%
Vienna
0%
Vinalhaven
0%
Voluntown
0%
Wade
0%
Waite
0%
Waitsfield
0%
Walden
0%
Waldo
0%
Waldoboro
0%
Wallagrass
0%
Wardsboro
0%
Warner
0%
Washburn
0%
Waterboro
0%
Wayne
0%
Weare
0%
Weathersfield
0%
Weld
0%
Wenham
0%
Wentworth
0%
West Bath
0%
West Bridgewater
0%
West Fairlee
0%
West Forks
0%
Westmanland
0%
Westmore
0%
Westmoreland
0%
West Paris
0%
Westport Island
0%
West Rutland
0%
West Windsor
0%
Westwood
0%
Weybridge
0%
Wheelock
0%
Whitefield
0%
Whitman
0%
Whitneyville
0%
Willimantic
0%
Willington
0%
Williston
0%
Wilmot
0%
Windham
0%
Winhall
0%
Winn
0%
Winslow
0%
Winter Harbor
0%
Winterville
0%
Winthrop
0%
Wiscasset
0%
Wolfeboro
0%
Woodbridge
0%
Woodford
0%
Woodland
0%
Woodville
0%
Woolwich
0%
No matching quizzes found
Score Distribution
Percent of People with Each Score
Percentile by Number Answered
Your Score History
You have not taken this quiz since the last reset